| 000 | 00833cam a22002891 4500 | ||
|---|---|---|---|
| 001 | 8902534 | ||
| 003 | OSt | ||
| 005 | 20140310182110.0 | ||
| 008 | 861011s1955 enka 000 0 eng | ||
| 010 | _a 61035766 | ||
| 015 | _aGB55-11794 | ||
| 035 | _a(OCoLC)14380111 | ||
| 040 |
_aDLC _cDNG _dOCoLC _dUk _dDLC |
||
| 041 | 1 |
_aeng _hund |
|
| 050 | 0 | 0 |
_aDH 424 _b.B429 1955 |
| 082 |
_aHS 949.3 _bTh34 19 |
||
| 100 | 1 |
_aOorthuys, Cas. _913371 |
|
| 245 | 1 | 0 |
_aThis is Belgium / _cCas Oorthuys. |
| 260 |
_aOxford : _bNew York : Harry N. Abrams,Inc, _c19-- |
||
| 300 |
_a94 p. ; _bill. ; _c19 cm. |
||
| 490 | 0 | _aContact photo books of the world | |
| 650 |
_aBelgium _xPictorial works. _913372 |
||
| 700 | 1 |
_aJonckheere, Karel, _d1906- _913373 |
|
| 906 |
_a7 _bcbc _coclcrpl _du _encip _f19 _gy-gencatlg |
||
| 942 |
_2lcc _k |
||
| 999 |
_c9370 _d9370 |
||